Aux Origines de l'etat moderne Charles Loyseau 1564-1627: théoricien de la puissance publique
Guardat en:
| Autor principal: | |
|---|---|
| Format: | Llibre |
| Idioma: | francès |
| Publicat: |
París
Economica
1977
|
| Col·lecció: | Études Juridiques. Histoire du Droit
|
| Matèries: | |
| Etiquetes: |
Afegir etiqueta
Sense etiquetes, Sigues el primer a etiquetar aquest registre!
|
MARC
| LEADER | 00000nam a2200000 a 4500 | ||
|---|---|---|---|
| 001 | UCR2738 | ||
| 003 | CL-VaPUC | ||
| 008 | 980116e19770000FR |||||||||||||||||fre|d | ||
| 082 | 0 | 4 | |a 320.01 |b BAS |2 21 |
| 100 | 0 | |a Basdevant-Gaudemet, Brigitte |e author |9 401058 | |
| 245 | 1 | 0 | |a Aux Origines de l'etat moderne Charles Loyseau 1564-1627: théoricien de la puissance publique |
| 300 | |a 306 p | ||
| 942 | |c BK | ||
| 945 | |d 19980116 00:00:00 |a cmena | ||
| 260 | |a París |b Economica |c 1977 | ||
| 600 | 0 | 7 | |a LOYSEAU, CHARLES |2 CL-VaPUC |9 401059 |
| 650 | 7 | |a FILOSOFIA POLITICA |2 CL-VaPUC |9 401060 | |
| 650 | 0 | |a Historia del derecho |9 255109 | |
| 650 | 0 | |a Biografías |9 255210 | |
| 650 | 0 | |a Teoría del derecho |9 255982 | |
| 650 | 0 | |a Administración pública |9 255343 | |
| 650 | 0 | |a Fuentes del derecho |9 255162 | |
| 650 | 0 | |a Escuelas filosóficas |9 266232 | |
| 650 | 0 | |a Derecho público |9 255910 | |
| 650 | 0 | |a Derecho francés |9 385145 | |
| 650 | 0 | |a Soberanía |9 266726 | |
| 583 | |a last modification |c 19980116 00:00:00 |k Rodrigo Vera | ||
| 490 | 0 | |a Études Juridiques. Histoire du Droit | |
| 999 | |c 265867 |d 265865 | ||
| 952 | |0 0 |1 0 |4 0 |6 320_010000000000000_BAS_1977 |7 0 |8 DER_HIS |9 296996 |a BIBDER |b BIBDER |d 2019-11-20 |i 1935879 |l 1 |o 320.01 BAS 1977 |p 1935879 |r 2023-01-25 |s 2020-03-18 |w 2019-11-20 |x Ubicación 4to Piso |y BK |z Estos recursos deben solicitarse con anticipación |k DER | ||